000 00791nam a22002057a 4500
999 _c57393
_d57393
005 20221107103606.0
008 200615s2020 enk||||| |||| 00| 0 eng d
020 _a9780323567299x
041 _aeng
080 _a615.849 H-58
100 _aHerring, W.
_98420
245 _aLearning Radiology :
_bRecognizing the Basics /
_cWilliam Herring.
250 _a4th edition
264 _aPhiladelphia :
_belsevier,
_c2020
300 _a382 p.
_b28 cm.
653 _aსასწავლო რადიოლოგია
653 _aმედიცინა
856 _uhttps://books.google.ge/books?id=di2GDwAAQBAJ&printsec=frontcover&dq=9780323567299&hl=en&sa=X&ved=2ahUKEwi3_KivvYPqAhUeRBUIHQtICwQQ6AEwAXoECAIQAg#v=onepage&q&f=false
_yელ. ვერსია pdf
942 _2udc
_cBK